Research and publication ethics/ (Record no. 181898)

000 -LEADER
fixed length control field 00422nam a2200169 4500
020 ## - INTERNATIONAL STANDARD BOOK NUMBER
ISBN 9789393969354
082 ## - DEWEY DECIMAL CLASSIFICATION NUMBER
Classification number 001.42
Item number ASH/R
100 ## - MAIN ENTRY--AUTHOR NAME
Personal name Ashok D'Cruz
245 ## - TITLE STATEMENT
Title Research and publication ethics/
Statement of responsibility, etc by Ashok D'Cruz
250 ## - EDITION STATEMENT
Edition statement 8
260 ## - PUBLICATION, DISTRIBUTION, ETC. (IMPRINT)
Place of publication Kozhikode:
Name of publisher Atma Books,
Year of publication 2025.
300 ## - PHYSICAL DESCRIPTION
Number of Pages 199p.
650 ## - SUBJECT ADDED ENTRY--TOPICAL TERM
Topical Term Research Ethics
650 ## - SUBJECT ADDED ENTRY--TOPICAL TERM
Topical Term Publication Ethics
650 ## - SUBJECT ADDED ENTRY--TOPICAL TERM
Topical Term Research Methodology
942 ## - ADDED ENTRY ELEMENTS (KOHA)
Koha item type Book
Holdings
Withdrawn status Lost status Damaged status Not for loan Permanent Location Current Location Shelving location Date acquired Cost, normal purchase price Full call number Accession Number Price effective from Koha item type
        Sree Sankaracharya University of Sanskrit Sree Sankaracharya University of Sanskrit Stacks 01.06.2026 400.00 001.42 ASH/R 109029 01.06.2026 Book